Kraje które są duże ale nie graniczą z morzem / oceanem - Statystyki

Ogólne statystyki
  • Ten quiz został rozwiązany 63 razy
  • Średni wynik to 11 z 16
Statystyki odpowiedzi
państwa: % Poprawnych
Mongolia
91%
Kazachstan
86%
Boliwia
81%
Czad
76%
Paragwaj
72%
Niger
71%
Mali
69%
Uzbekistan
69%
Afganistan
67%
Sudan południowy
66%
Turkmenistan
64%
Zambia
62%
Botswana
57%
Etiopia
57%
Republika środkowoafrykańska
57%
Zimbabwe
55%
Nie znaleziono quizów pasujących do podanych kryteriów
Rozkład punktacji
Procent ludzi z każdym wynikiem
Percentyl według liczby udzielonych odpowiedzi
Twoja historia wyników
Nie rozwiązałeś tego quizu